000 00369nam a2200157Ia 4500
008 210210b1908 xxu||||| |||| 00| 0 eng d
041 _aeng
082 _a821/373
100 _aLOWELL (J R)
245 _aPoetical works
260 _aLondon
_bMacmillan & Co. Ltd.
_c1908
650 _aworks
650 _aPoetical
690 _aEnglish Literature
906 _a011542
999 _c130219
_d130219